[Event "ch-FRA Top 16 GpA"]
[Site "Noyon FRA"]
[Date "2005.04.03"]
[Round "7"]
[White "Adla,D"]
[Black "Lautier,J"]
[Result "0-1"]
[WhiteElo "2485"]
[BlackElo "2678"]

1.e4 c5 2.Nf3 Nc6 3.d4 cxd4 4.Nxd4 Nf6 5.Nc3 e5 6.Ndb5 d6 7.Bg5 a6 8.Na3 b5
9.Bxf6 gxf6 10.Nd5 f5 11.c3 Bg7 12.exf5 Bxf5 13.Nc2 O-O 14.Nce3 Bg6 15.h4 Be4
16.Bd3 Bxd5 17.Nxd5 f5 18.a4 b4 19.cxb4 e4 20.Bxa6 Rxa6 21.b5 Qa5+ 22.Kf1 Ra7
23.bxc6 Qa6+ 24.Kg1 Qxc6 25.Rc1 Qxa4 26.Ne7+ Kh8 27.Qxd6 e3 28.fxe3 Qe4 29.Nd5 Rg8
30.Nf6 Bxf6 31.Qxf6+ Rag7  0-1

[Event "ch-FRA Top 16 Poule Haute"]
[Site "Port Barcares FRA"]
[Date "2005.05.04"]
[Round "8"]
[White "Lautier,J"]
[Black "Degraeve,JM"]
[Result "1-0"]
[WhiteElo "2678"]
[BlackElo "2557"]

1.d4 d6 2.e4 Nf6 3.f3 e5 4.d5 Be7 5.Be3 Nh5 6.c4 Bg5 7.Bf2 g6 8.Nc3 O-O 9.g3 Bh6
10.Nge2 f5 11.exf5 gxf5 12.Bh3 Nd7 13.Qc2 Nb6 14.b3 c6 15.a4 a5 16.dxc6 bxc6
17.Rd1 Rf6 18.c5 Nd5 19.Nxd5 cxd5 20.Rxd5 Bb7 21.Nc3 Ng7 22.O-O Rc8 23.Rfd1 Bxd5
24.Nxd5 Rf7 25.c6 Qe8 26.c7 Kh8 27.Bb6 Qf8 28.Bf1 Ne6 29.Ba6  1-0

[Event "ch-FRA Top 16 Poule Haute"]
[Site "Port Barcares FRA"]
[Date "2005.05.05"]
[Round "9"]
[White "Beikert,G"]
[Black "Lautier,J"]
[Result "0-1"]
[WhiteElo "2430"]
[BlackElo "2678"]

1.c4 Nf6 2.Nf3 e6 3.Nc3 d5 4.cxd5 exd5 5.d4 Bb4 6.Bg5 Nbd7 7.e3 c5 8.Bd3 Qa5
9.Qc2 c4 10.Bf5 O-O 11.O-O Re8 12.Bf4 g6 13.a3 Bxc3 14.Bxd7 Bxd7 15.bxc3 Ne4
16.Rfc1 Re6 17.Ng5 Nxg5 18.Bxg5 Rb6 19.f3 Re8 20.Bf4 Bf5 21.Qd2 Rb3 22.a4 Bd3
23.g4 Re6 24.h4 Qd8 25.Qh2 Qe8 26.h5 Reb6 27.hxg6 fxg6 28.a5 Rf6 29.Qh6 Rb2
30.Qg5 Qe6 31.Re1 Rf8 32.Qh6 Be2 33.Kf2 Bxf3+ 34.Kxf3 Qe4+ 35.Kg3 Rg2+ 36.Kh4 Qf3
37.Qxf8+ Kxf8 38.Kg5 Qxg4+  0-1

[Event "2nd Rapid"]
[Site "D'Ajaccio FRA"]
[Date "2005.10.26"]
[Round "3"]
[White "Lautier,J"]
[Black "Glek,I"]
[Result "1-0"]
[WhiteElo "2680"]
[BlackElo "2566"]

1.d4 Nf6 2.c4 d6 3.Nc3 e5 4.Nf3 e4 5.Ng5 Qe7 6.Qc2 Nc6 7.e3 Bf5 8.h4 h6 9.Nh3 g5
10.Nd5 Qd8 11.Bd2 Bg7 12.O-O-O Qd7 13.Be2 Nxd5 14.cxd5 Nxd4 15.exd4 e3 16.Bd3 Bxd3
17.Qxd3 exd2+ 18.Qxd2 O-O-O 19.hxg5 Qf5 20.Qc2 Qxd5 21.gxh6 Bxh6+ 22.Kb1 Qxg2
23.Qf5+ Kb8 24.Qxf7 Qe4+ 25.Ka1 Rdf8 26.Qd7 Rd8 27.Qb5 Bg7 28.Rhe1 Qf3 29.Ng5 Qxf2
30.Rf1 Qg2 31.Nf7 Rdf8 32.Nxh8 Rxh8 33.Rg1 Qf3 34.Rdf1 a6 35.Qg5 Bf8 36.Rh1  1-0

[Event "2nd Rapid"]
[Site "D'Ajaccio FRA"]
[Date "2005.10.26"]
[Round "4"]
[White "David,Alb"]
[Black "Lautier,J"]
[Result "0-1"]
[WhiteElo "2595"]
[BlackElo "2680"]

1.d4 d5 2.c4 e6 3.Nc3 Bb4 4.Nf3 Nf6 5.Qa4+ Nc6 6.e3 O-O 7.a3 Bxc3+ 8.bxc3 Bd7
9.Qc2 Na5 10.cxd5 exd5 11.Ne5 c5 12.Bd3 Be6 13.Qa4 Nd7 14.Nxd7 Bxd7 15.Qc2 Qh4
16.O-O c4 17.Be2 Nb3 18.Ra2 f5 19.a4 Rf6 20.g3 Qe4 21.Qd1 Ra6 22.Bf3 Qe6
23.a5 Rxa5 24.Rxa5 Nxa5 25.Ba3 Nb3 26.Qc2 Bc6 27.Bg2 a5 28.Re1 b5 29.Bh3 g6
30.Qd1 Rb8 31.g4 fxg4 32.Bxg4 Qf6 33.Qe2 b4 34.Bb2 Re8 35.Bh3 Qe7 36.Bg2 a4
37.cxb4 Qxb4 38.Rd1 a3 39.Bc1 Nxc1 40.Rxc1 Qb2 41.Rc2 Qb1+ 42.Bf1 Bd7 43.Qd2 Bf5
44.Rc1 a2 45.Qc3 Ra8 46.Qa1 Qxc1  0-1

[Event "TCh-FRA Top 16 Gp A"]
[Site "Paris FRA"]
[Date "2006.02.05"]
[Round "3"]
[White "Karr,JP"]
[Black "Lautier,J"]
[Result "0-1"]
[WhiteElo "2379"]
[BlackElo "2682"]

1.d4 d5 2.c4 e6 3.Nc3 Bb4 4.Nf3 Nf6 5.cxd5 exd5 6.Bg5 Nbd7 7.Qc2 c5 8.dxc5 h6
9.Bd2 O-O 10.e3 Re8 11.Be2 Bxc5 12.O-O a6 13.a3 Bd6 14.b4 Ne5 15.Rfd1 Be6
16.Nd4 Rc8 17.Nxe6 fxe6 18.Qb3 Nc4 19.Be1 b5 20.a4 Qb6 21.axb5 axb5 22.Ra2 Ra8
23.Rda1 Rxa2 24.Rxa2 Rc8 25.Qb1 Be5 26.Qd3 Rd8 27.g3 Rc8 28.Bf1 Bd6 29.Qb1 Rf8
30.Bh3 Kh8 31.Bxe6 Nxe3 32.Qd3 Bxb4 33.Qxb5 Qd4 34.Ne2 Qe4 35.fxe3 Bxe1 36.Qc5 Bb4
37.Qd4 Qb1+  0-1

[Event "TCh-FRA Top 16 Gp A"]
[Site "Montpellier FRA"]
[Date "2006.03.30"]
[Round "4"]
[White "Lautier,J"]
[Black "Lepelletier,B"]
[Result "1-0"]
[WhiteElo "2682"]
[BlackElo "2437"]

1.d4 Nf6 2.c4 e6 3.Nf3 b6 4.g3 Ba6 5.Qb3 Nc6 6.Nbd2 Na5 7.Qc3 c5 8.dxc5 bxc5
9.e4 Bb7 10.Bd3 d6 11.a3 Nc6 12.b4 Be7 13.b5 Nd4 14.Nxd4 cxd4 15.Qxd4 Nd5
16.Qxg7 Bf6 17.Qh6 Bxa1 18.exd5 Qf6 19.Ne4 Qxh6 20.Bxh6 Kd7 21.O-O Bd4 22.Rd1 exd5
23.cxd5 Rhe8 24.b6 a6 25.Bc2 Bxb6 26.Bf4 Rxe4 27.Bxe4 Bc5 28.Bxh7 Bxa3 29.Bc2 Rh8
30.h4 Bc5 31.Bg5 a5 32.g4 Kc7 33.Kg2 Re8 34.Kf3 Ba6 35.Bd3 Bxd3 36.Rxd3 a4
37.Rd1 Rb8 38.Bf6 a3 39.h5 Rb3+ 40.Kg2 Rb4 41.h6 Rxg4+ 42.Kf3 Rg6 43.Bg7  1-0

[Event "TCh-FRA Top 16 Gp A"]
[Site "Montpellier FRA"]
[Date "2006.03.31"]
[Round "5"]
[White "Lautier,J"]
[Black "Apicella,M"]
[Result "1/2-1/2"]
[WhiteElo "2682"]
[BlackElo "2519"]

1.d4 e6 2.c4 d5 3.Nc3 c6 4.e3 Bd6 5.Bd3 f5 6.Nge2 Nh6 7.Qc2 O-O 8.f3 Kh8
9.O-O dxc4 10.Bxc4 e5 11.Bd2 b5 12.Bb3 a5 13.a4 b4 14.Nd1 e4 15.fxe4 Bxh2+
16.Kxh2 Qh4+ 17.Kg1 Ng4 18.Rf4 Qh2+ 19.Kf1 Qh1+ 20.Ng1 Nh2+ 21.Kf2 Ng4+ 22.Kf1 Nh2+
23.Kf2  1/2-1/2

[Event "Pivdenny Bank Geller Mem"]
[Site "Odessa UKR"]
[Date "2006.07.02"]
[Round "1"]
[White "Lautier,J"]
[Black "Eingorn,V"]
[Result "1-0"]
[WhiteElo "2682"]
[BlackElo "2595"]

1.d4 e6 2.c4 Bb4+ 3.Bd2 a5 4.Nf3 d6 5.Qc2 Bxd2+ 6.Nbxd2 Qe7 7.g3 Nf6 8.Bg2 e5
9.e3 O-O 10.O-O Nc6 11.d5 Nb8 12.Ne1 Na6 13.e4 Nd7 14.a3 Ndc5 15.Qc3 a4 16.f4 Bd7
17.Nc2 Rae8 18.f5 f6 19.Rf2 Qd8 20.Bf1 Re7 21.Re1 Qb8 22.Nb4 Qa7 23.Re3 g5
24.g4 Be8 25.Be2 Rg7 26.Kf1 h6 27.Ke1 Rh7 28.h4 Rff7 29.Rh3 Rfg7 30.Rfh2 Nd7
31.Kd1 Nf8 32.Kc1 Nc5 33.Kb1 Nfd7 34.Ka2 Nf8 35.Qe3 Qb8 36.Kb1 Qd8 37.Na2 Qe7
38.Nc3 Qd8 39.Bd1 Bd7 40.Qe2 Be8 41.Bc2 Qa8 42.Qd1 Qa7 43.Nf1 Qa6 44.Qe2 Qb6
45.Nd2 Qa7 46.Ka2 Qa8 47.Nb5 Bxb5 48.cxb5 Qe8  1-0

[Event "Pivdenny Bank Geller Mem"]
[Site "Odessa UKR"]
[Date "2006.07.02"]
[Round "3"]
[White "Lautier,J"]
[Black "Golubev,M"]
[Result "1-0"]
[WhiteElo "2682"]
[BlackElo "2484"]

1.d4 Nf6 2.c4 g6 3.Nc3 Bg7 4.e4 d6 5.f3 O-O 6.Be3 Nc6 7.Qd2 a6 8.Nge2 Re8
9.h4 h5 10.O-O-O b5 11.Nd5 bxc4 12.Nxf6+ Bxf6 13.g4 hxg4 14.h5 g5 15.Bxg5 e5
16.Bxf6 Qxf6 17.fxg4 exd4 18.g5 Qf3 19.g6 Bg4 20.Rg1 Rxe4 21.gxf7+ Kxf7 22.Bg2 Rxe2
23.Bxf3 Rxd2 24.Bd5+ Ke7 25.Rxd2 c3 26.bxc3 dxc3 27.Rh2 Bf5 28.Bxc6 Rb8 29.Re2+  1-0

[Event "Pivdenny Bank Geller Mem"]
[Site "Odessa UKR"]
[Date "2006.07.03"]
[Round "4"]
[White "Bogdanovich,S"]
[Black "Lautier,J"]
[Result "0-1"]
[WhiteElo "2190"]
[BlackElo "2682"]

1.d4 e6 2.c4 Nf6 3.Nf3 d5 4.Nc3 Bb4 5.e3 c5 6.Bd3 O-O 7.O-O Nc6 8.a3 Bxc3
9.bxc3 Qc7 10.cxd5 exd5 11.a4 c4 12.Be2 Ne4 13.Bb2 Na5 14.Ra3 Nb3 15.Qc2 Re8
16.Bd1 Bg4 17.Re1 Rad8 18.h3 Bf5 19.Qe2 Na5 20.Nd2 Nd6 21.Ra1 Re6 22.f3 Bd3
23.Qf2 Rde8 24.Ba3 f5 25.Bxd6 Qxd6 26.f4 Qe7 27.Bf3 Rd8 28.Bd1 Rb6 29.Nf3 Nb3
30.Ra2 Be4 31.Ne5 Nc1 32.Rb2 Rdd6 33.Rxb6 Rxb6 34.Bc2 Nd3 35.Bxd3 cxd3 36.Qd2 Qh4
37.Kh2 Rh6 38.Rb1 b6 39.Nxd3 Rg6 40.Ne1 Qg3+ 41.Kg1 Bxb1  0-1

[Event "Pivdenny Bank Geller Mem"]
[Site "Odessa UKR"]
[Date "2006.07.04"]
[Round "7"]
[White "Lautier,J"]
[Black "Zhukova,N"]
[Result "1-0"]
[WhiteElo "2682"]
[BlackElo "2425"]

1.d4 e6 2.c4 d5 3.Nc3 c6 4.e4 Bb4 5.cxd5 exd5 6.e5 Ne7 7.Nf3 O-O 8.Be2 Ng6
9.O-O Na6 10.a3 Be7 11.Be3 Nc7 12.Ne1 Nh4 13.f4 Nf5 14.Bf2 b6 15.Nf3 c5 16.Kh1 h5
17.Qd2 g6 18.Bd3 Nh6 19.dxc5 bxc5 20.b4 cxb4 21.axb4 Bxb4 22.Nd4 Bd7 23.f5 Ng4
24.Bg3 Kg7 25.h3 Ne3 26.Qxe3 Bxc3 27.Rac1 Bxd4 28.Qxd4 Kh7 29.e6 Nxe6 30.fxe6 Bxe6
31.Rf6 Rc8 32.Rcf1 Qe7 33.Qe5  1-0